|
|
|
|
| LEADER |
00000cam a2200000 7i4500 |
| 001 |
0000003109 |
| 005 |
20040527.0 |
| 020 |
0 |
0 |
|a 9679311074
|
| 090 |
0 |
0 |
|a 026.009595
|b PER 2001
|
| 110 |
1 |
0 |
|a PERPUSTAKAAN Negara Malaysia
|
| 245 |
1 |
0 |
|a Garis panduan perpustakaan khusus
|c disediakan oleh Jawatankuasa Garis Panduan Perpustakaan Khusus
|
| 260 |
0 |
0 |
|a Kuala Lumpur :
|b Perpustakaan Negara Malaysia ,
|c 2001
|
| 300 |
|
|
|a x, 46 p. ;
|c 23 cm.
|
| 500 |
0 |
0 |
|a Bibliography : p. 46
|
| 650 |
0 |
0 |
|a Special libraries
|z Malaysia
|x Handbooks, manuals, etc.
|
| 710 |
1 |
1 |
|a Perpustakaan Negara Malaysia
|
| 998 |
|
|
|a JPSM
|
| 999 |
|
|
|a 0000005581
|b Monograph
|c Open Shelf
|e Default branch
|